[Event "Memorijal Danilo - Dajo Batricevic"]
[Site "Cetinje"]
[Date "2009.08.14"]
[Round "6.13"]
[White "Vucinic, Pero"]
[Black "Nikac, Predrag"]
[Result "1-0"]
[WhiteElo "2226"]
[BlackElo "2361"]
[PlyCount "113"]
[EventDate "2009.08.09"]
[EventRounds "9"]

1. e4 c5 2. c3 d5 3. exd5 Nf6 4. Bb5+ Nbd7 5. c4 g6 6. Nf3 Bg7 7. O-O O-O 8. d3
Nb6 9. Nc3 a6 10. Ba4 Nxa4 11. Nxa4 b6 12. Bg5 h6 13. Bxf6 Bxf6 14. Qd2 g5 15.
Nc3 e6 16. Rae1 exd5 17. Nxd5 Bg7 18. d4 Be6 19. dxc5 bxc5 20. Rd1 Re8 21. b3
a5 22. Ne1 a4 23. Nc2 axb3 24. axb3 Ra2 25. Qd3 Qb8 26. Nce3 Ra3 27. Rb1 Qe5
28. Rfe1 Qd4 29. Qc2 Qe5 30. Ng4 Bxg4 31. Rxe5 Rxe5 32. Ne3 Bh5 33. g4 Bg6 34.
Nf5 h5 35. h3 Ra8 36. Rd1 Rae8 37. Rd5 Re1+ 38. Kg2 hxg4 39. hxg4 R8e4 40. Kh3
Rh1+ 41. Kg2 Rhe1 42. Qd2 Rxg4+ 43. Ng3 Rb1 44. Rxg5 Rxg5 45. Qxg5 Rxb3 46.
Qxc5 Rc3 47. Qd5 Bf8 48. f4 Bd3 49. Qg5+ Kh7 50. Nh5 Rc2+ 51. Kg3 Bg6 52. Nf6+
Kg7 53. Ne8+ Kh8 54. Qe5+ Kh7 55. f5 Bh5 56. Nf6+ Kh6 57. Qf4+ 1-0

[Event "Memorijal Danilo - Dajo Batricevic"]
[Site "Cetinje"]
[Date "2009.08.14"]
[Round "6.14"]
[White "Ashiku, Franc"]
[Black "Budimir, Boris"]
[Result "1/2-1/2"]
[WhiteElo "2041"]
[BlackElo "2352"]
[PlyCount "55"]
[EventDate "2009.08.09"]
[EventRounds "9"]

1. e4 d6 2. d4 Nf6 3. Nc3 e5 4. dxe5 dxe5 5. Qxd8+ Kxd8 6. Bg5 c6 7. O-O-O+ Ke8
8. f3 Be6 9. g3 Nbd7 10. Bh3 Bxh3 11. Nxh3 h6 12. Be3 Bc5 13. Rhe1 Ke7 14. Nf2
Bxe3+ 15. Rxe3 Nc5 16. Nd3 Nfd7 17. Nxc5 Nxc5 18. b4 Ne6 19. Ne2 a5 20. b5 Rhd8
21. Rxd8 Kxd8 22. bxc6 bxc6 23. c3 Kc7 24. Kc2 Ra7 25. Nc1 f6 26. Re1 Rb7 27.
Nd3 Rb8 28. Nb2 1/2-1/2

[Event "Memorijal Danilo - Dajo Batricevic"]
[Site "Cetinje"]
[Date "2009.08.14"]
[Round "6.15"]
[White "Dabetic, Radojica"]
[Black "Boshku, Harallamb"]
[Result "1/2-1/2"]
[WhiteElo "2340"]
[BlackElo "2309"]
[PlyCount "44"]
[EventDate "2009.08.09"]
[EventRounds "9"]

1. e4 e5 2. Nf3 Nc6 3. Bb5 a6 4. Ba4 Nf6 5. O-O Be7 6. Re1 b5 7. Bb3 d6 8. c3
O-O 9. d4 Bg4 10. d5 Na5 11. Bc2 c6 12. h3 Bd7 13. Nxe5 dxe5 14. d6 Re8 15.
dxe7 Qxe7 16. Nd2 Be6 17. Qf3 Nd7 18. b3 Nb7 19. a4 Nf8 20. Nf1 Na5 21. Ba3 Qc7
22. Bxf8 Rxf8 1/2-1/2

[Event "Memorijal Danilo - Dajo Batricevic"]
[Site "Cetinje"]
[Date "2009.08.14"]
[Round "6.16"]
[White "Batricevic, Sasa"]
[Black "Padurariu, Ioana-Smaranda"]
[Result "1-0"]
[WhiteElo "2287"]
[BlackElo "2238"]
[PlyCount "123"]
[EventDate "2009.08.09"]
[EventRounds "9"]

1. e4 c5 2. Nf3 e6 3. d4 cxd4 4. Nxd4 Nc6 5. Nc3 Qc7 6. Be3 a6 7. Qf3 Nf6 8.
O-O-O b5 9. Nxc6 Qxc6 10. Bg5 Bb7 11. Bd3 Be7 12. a3 Rc8 13. Rhe1 Qb6 14. Qg3
Rxc3 15. bxc3 Bxa3+ 16. Kd2 b4 17. Ke2 Bc6 18. Qd6 Bb2 19. e5 Nd5 20. c4 Nc3+
21. Kf1 f6 22. c5 Bxg2+ 23. Kxg2 Qxd6 24. exd6 fxg5 25. c6 dxc6 26. Rxe6+ Kd7
27. Rde1 Nd5 28. Bf5 Nf4+ 29. Kf1 Nxe6 30. Rxe6 Kd8 31. Re7 g6 32. Be6 Be5 33.
Ra7 Bxd6 34. Rd7+ Ke8 35. Rxd6 Ke7 36. Rxc6 Ra8 37. Bb3 Ra7 38. Kg2 a5 39. Ba4
Kf7 40. Kg3 Kg7 41. Rc5 Kf6 42. f4 gxf4+ 43. Kxf4 Kg7 44. h3 Kh6 45. Ke4 g5 46.
Kf3 Kh5 47. Kg3 Re7 48. h4 Re3+ 49. Kf2 Ra3 50. Rxg5+ Kxh4 51. Rxa5 h5 52. Ra8
Ra2 53. Ke3 Kg3 54. Rg8+ Kh2 55. Bb3 Ra5 56. Rh8 Kg3 57. Rg8+ Kh2 58. Rb8 h4
59. Rxb4 Kg3 60. Be6 h3 61. Bxh3 Kxh3 62. Rf4 1-0

[Event "Memorijal Danilo - Dajo Batricevic"]
[Site "Cetinje"]
[Date "2009.08.14"]
[Round "6.17"]
[White "Miladinovic, Igor"]
[Black "Jefic, Srdjan"]
[Result "1-0"]
[WhiteElo "2570"]
[BlackElo "2108"]
[PlyCount "117"]
[EventDate "2009.08.09"]
[EventRounds "9"]

1. c4 f5 2. Nc3 Nf6 3. d3 g6 4. Nf3 Bg7 5. e4 d6 6. exf5 Bxf5 7. d4 O-O 8. Bd3
Bxd3 9. Qxd3 e6 10. O-O Nc6 11. Ng5 Qd7 12. d5 Ne5 13. Qd1 Nxc4 14. Nxe6 Rf7
15. Nxg7 Kxg7 16. b3 Nb6 17. Bb2 Qf5 18. Qd4 Kg8 19. Rad1 Re8 20. h3 h5 21. a4
Qc2 22. Ba1 Qxb3 23. a5 Nbd7 24. Rb1 Qa3 25. Rb5 Nc5 26. Rfb1 Nce4 27. Rxb7
Qxa5 28. Nxe4 Rxe4 29. Rb8+ Kg7 30. Qxe4 Qxa1 31. Rxa1 Nxe4 32. Rxa7 Nxf2 33.
Rc8 Ne4 34. Raxc7 Rxc7 35. Rxc7+ Kf6 36. Kf1 Ke5 37. Rg7 Kf6 38. Rc7 Ke5 39.
Ke2 Nf6 40. Re7+ Kf5 41. Re6 Nxd5 42. Rxd6 Nf4+ 43. Kf3 Ke5 44. Ra6 Ne6 45.
Ra5+ Kf6 46. Ke3 Ng5 47. h4 Nf7 48. Kf4 Nh6 49. Rb5 Kg7 50. Rb6 Nf7 51. Ke4 Nh6
52. Ke5 Ng4+ 53. Ke6 Ne3 54. Rb2 Ng4 55. Rb7+ Kg8 56. g3 Kf8 57. Kd5 Kg8 58.
Ke4 Nh6 59. Ke5 1-0

[Event "Memorijal Danilo - Dajo Batricevic"]
[Site "Cetinje"]
[Date "2009.08.14"]
[Round "6.18"]
[White "Vulevic, Vjekoslav"]
[Black "Bukvic, Mihailo"]
[Result "1-0"]
[WhiteElo "2315"]
[BlackElo "2223"]
[PlyCount "85"]
[EventDate "2009.08.09"]
[EventRounds "9"]

1. e4 e5 2. Bc4 Nc6 3. Nf3 Be7 4. d3 d6 5. a4 Nf6 6. Nbd2 O-O 7. h3 Bd7 8. a5
a6 9. c3 Qc8 10. b4 Be6 11. Qb3 Bxc4 12. dxc4 Nd8 13. O-O Nh5 14. c5 Nf4 15.
cxd6 cxd6 16. Nc4 Ne2+ 17. Kh2 Nxc1 18. Raxc1 Qe6 19. Rb1 Nc6 20. Nb6 Rad8 21.
Nd5 Rd7 22. g4 Bd8 23. Rg1 Ne7 24. Ne3 Qf6 25. Nf5 Nxf5 26. gxf5 d5 27. Rbd1
dxe4 28. Rxd7 exf3 29. Qd5 e4 30. Qd4 Qxd4 31. cxd4 Re8 32. Re1 Bh4 33. Kg1 g6
34. fxg6 hxg6 35. Rxb7 f5 36. b5 f4 37. bxa6 e3 38. Rf1 exf2+ 39. Rxf2 Re1+ 40.
Rf1 f2+ 41. Kg2 f3+ 42. Kxf3 Rxf1 43. a7 1-0

[Event "Memorijal Danilo - Dajo Batricevic"]
[Site "Cetinje"]
[Date "2009.08.14"]
[Round "6.19"]
[White "Brajovic, Radovan"]
[Black "Pecurica, Milos"]
[Result "1/2-1/2"]
[WhiteElo "2245"]
[BlackElo "2010"]
[PlyCount "76"]
[EventDate "2009.08.09"]
[EventRounds "9"]

1. e4 c5 2. Nf3 d6 3. Bb5+ Bd7 4. Bxd7+ Qxd7 5. O-O Nf6 6. Re1 g6 7. c3 Bg7 8.
d4 cxd4 9. cxd4 d5 10. e5 Ne4 11. Re2 e6 12. Ne1 h6 13. Be3 Ng5 14. Qc1 f5 15.
Bxg5 hxg5 16. Qxg5 Qf7 17. Nc3 a6 18. Nf3 Nc6 19. Rd1 Rh5 20. Qd2 Bh6 21. Qc2
g5 22. h3 O-O-O 23. Nh2 g4 24. hxg4 Rxh2 25. Kxh2 Rh8 26. Kg1 Bf4 27. Ree1 fxg4
28. Kf1 Bg3 29. Kg1 Bxf2+ 30. Qxf2 Rh1+ 31. Kxh1 Qxf2 32. Rf1 Qh4+ 33. Kg1 g3
34. Rf8+ Kd7 35. Ne2 Qh2+ 36. Kf1 Qh1+ 37. Ng1 Qh4 38. Ne2 Qh1+ 1/2-1/2

[Event "Memorijal Danilo - Dajo Batricevic"]
[Site "Cetinje"]
[Date "2009.08.14"]
[Round "6.20"]
[White "Vukcevic, Nemanja"]
[Black "Vujacic, Borivoje"]
[Result "0-1"]
[WhiteElo "1996"]
[BlackElo "2315"]
[PlyCount "146"]
[EventDate "2009.08.09"]
[EventRounds "9"]

1. e4 c5 2. Nf3 Nc6 3. d4 cxd4 4. Nxd4 g6 5. Nc3 Bg7 6. Be3 Nf6 7. f3 O-O 8.
Qd2 d5 9. exd5 Nxd5 10. Nxc6 bxc6 11. Bd4 Bxd4 12. Qxd4 Qb6 13. Qxb6 axb6 14.
Nxd5 cxd5 15. Bb5 Bf5 16. Kd2 e5 17. Rhe1 f6 18. g4 Be6 19. g5 Kf7 20. a4 Rfc8
21. b4 Bf5 22. c3 Rc7 23. h4 Ke6 24. Rec1 fxg5 25. hxg5 Kd6 26. Rf1 Bh3 27. Rg1
Rf7 28. Rg3 Be6 29. Ke3 Rc8 30. Kd2 Rfc7 31. Ba6 Ra8 32. Bb5 Rf7 33. Ke3 Rc8
34. Kd2 Bf5 35. a5 bxa5 36. Rxa5 Rfc7 37. Ra6+ Ke7 38. Ra3 d4 39. c4 Be6 40. c5
Rb8 41. Ra5 Rcb7 42. Bc6 Rxb4 43. Ra7+ Kf8 44. Be4 Rb2+ 45. Ke1 Rh2 46. Kf1 Bf5
47. Kg1 Rd2 48. Rxh7 Rbb2 49. Kh1 d3 50. Rg1 Kg8 51. Rh4 Bxe4 52. fxe4 Rf2 53.
Rh3 d2 54. c6 Rc2 55. c7 Rxc7 56. Rd3 Rc2 57. Rd1 Kf7 58. Kg1 Re2 59. Kf1 Rxe4
60. R3xd2 Rxd2 61. Rxd2 Ke6 62. Kf2 Kf5 63. Kf3 Rf4+ 64. Ke3 Kxg5 65. Rg2+ Kf5
66. Rg3 g5 67. Rg1 g4 68. Rb1 g3 69. Rb8 g2 70. Rf8+ Kg4 71. Rg8+ Kh3 72. Rh8+
Kg3 73. Rg8+ Rg4 0-1

[Event "Memorijal Danilo - Dajo Batricevic"]
[Site "Cetinje"]
[Date "2009.08.14"]
[Round "6.21"]
[White "Batricevic, Jovo"]
[Black "Mrvaljevic, Veselin"]
[Result "1-0"]
[WhiteElo "2184"]
[BlackElo "2031"]
[PlyCount "47"]
[EventDate "2009.08.09"]
[EventRounds "9"]

1. d4 c5 2. dxc5 e6 3. e4 Bxc5 4. Nc3 Qb6 5. Nh3 Ne7 6. Bd3 Bd4 7. O-O Nbc6 8.
Nb5 O-O 9. c3 Bf6 10. Be3 Qa5 11. f4 a6 12. e5 axb5 13. exf6 Nd5 14. Bxh7+ Kxh7
15. Qh5+ Kg8 16. fxg7 Kxg7 17. f5 Rh8 18. f6+ Nxf6 19. Qg5+ Kf8 20. Qxf6 Rh7
21. Ng5 Rg7 22. Nxf7 Kg8 23. Bh6 Qb6+ 24. Kh1 1-0

[Event "Memorijal Danilo - Dajo Batricevic"]
[Site "Cetinje"]
[Date "2009.08.14"]
[Round "6.22"]
[White "Bajkovic, Nikola"]
[Black "Fugulyan, Grigore"]
[Result "1-0"]
[WhiteElo "2143"]
[BlackElo "2022"]
[PlyCount "79"]
[EventDate "2009.08.09"]
[EventRounds "9"]

1. Nf3 Nf6 2. g3 d5 3. Bg2 c6 4. d3 Bf5 5. Nbd2 Nbd7 6. O-O e5 7. Re1 Bc5 8. e4
dxe4 9. dxe4 Be6 10. h3 Qb6 11. Qe2 Nh5 12. Ng5 Ndf6 13. Nxe6 fxe6 14. Nf1 O-O
15. Ne3 Rad8 16. c3 Rd7 17. b4 Bxe3 18. Bxe3 Qc7 19. Qc4 Re8 20. Rad1 g6 21.
Bf3 b5 22. Qb3 Ng7 23. Rxd7 Nxd7 24. Rd1 Kf7 25. a4 Nb6 26. Bxb6 Qxb6 27. c4
Re7 28. axb5 cxb5 29. c5 Qc7 30. Qc3 Ne8 31. Be2 Qb8 32. h4 Nf6 33. Rd6 Nxe4
34. Qf3+ Nf6 35. g4 Kg7 36. g5 Nd5 37. Rxd5 Rf7 38. Qxf7+ Kxf7 39. Rd7+ Kf8 40.
c6 1-0

[Event "Memorijal Danilo - Dajo Batricevic"]
[Site "Cetinje"]
[Date "2009.08.14"]
[Round "6.23"]
[White "Batricevic, Bozo"]
[Black "Luksic, Vladimir"]
[Result "1/2-1/2"]
[WhiteElo "1772"]
[BlackElo "2143"]
[PlyCount "90"]
[EventDate "2009.08.09"]
[EventRounds "9"]

1. e4 e6 2. d4 d5 3. e5 c5 4. Qg4 f5 5. Qg3 cxd4 6. Nf3 Nc6 7. Bd3 Qc7 8. O-O
h6 9. h4 Bc5 10. Re1 Qf7 11. Nbd2 Bd7 12. a3 a5 13. Nb3 Bb6 14. Bb5 Nge7 15.
Rd1 Rc8 16. Bxc6 Nxc6 17. Bf4 a4 18. Nbd2 Ne7 19. Rac1 Ng6 20. Nf1 Nxf4 21.
Qxf4 O-O 22. Nxd4 Qe7 23. Nf3 Rc4 24. Qd2 Rfc8 25. c3 Be8 26. Re1 Bh5 27. Nd4
Bxd4 28. cxd4 Qxh4 29. Ne3 Rxc1 30. Rxc1 Rxc1+ 31. Qxc1 Qd8 32. Qc5 b6 33. Qb4
Be8 34. Nd1 Qc7 35. Nc3 Qc6 36. Qe7 Qd7 37. Qb4 Qc6 38. Kh2 Kf7 39. f4 Bd7 40.
Ne2 Be8 41. Nc3 g5 42. g3 Qc4 43. Qxb6 Qf1 44. Qd8 Qf2+ 45. Kh1 Qf1+ 1/2-1/2

[Event "Memorijal Danilo - Dajo Batricevic"]
[Site "Cetinje"]
[Date "2009.08.14"]
[Round "6.24"]
[White "Jokic, Miodrag"]
[Black "Rasovic, Uros"]
[Result "1-0"]
[WhiteElo "2138"]
[BlackElo "1939"]
[PlyCount "68"]
[EventDate "2009.08.09"]
[EventRounds "9"]

1. d4 Nf6 2. c4 g6 3. Nc3 d5 4. Nf3 Bg7 5. e3 O-O 6. Bd3 c5 7. cxd5 cxd4 8.
exd4 Nxd5 9. h3 Nc6 10. Be4 Nxc3 11. bxc3 Be6 12. O-O Bc4 13. Re1 Rc8 14. Bg5
Re8 15. Qd2 f6 16. Bh6 Bd5 17. Rac1 Na5 18. Bxg7 Kxg7 19. Qe2 e6 20. Bd3 Bc4
21. Bxc4 Rxc4 22. Nd2 Rc6 23. Nb3 Nxb3 24. axb3 Qd5 25. Qb2 b5 26. c4 bxc4 27.
bxc4 Rxc4 28. Rxc4 Qxc4 29. Qb7+ Kg8 30. Qxa7 e5 31. dxe5 Rxe5 32. Rb1 Qc5 33.
Rb8+ Qf8 34. Rxf8+ Kxf8 1-0

[Event "Memorijal Danilo - Dajo Batricevic"]
[Site "Cetinje"]
[Date "2009.08.14"]
[Round "6.25"]
[White "Kraljevic, Ivan"]
[Black "Jovancevic, Jovan"]
[Result "1-0"]
[WhiteElo "2130"]
[BlackElo "1887"]
[PlyCount "119"]
[EventDate "2009.08.09"]
[EventRounds "9"]

1. d4 Nf6 2. c4 g6 3. Nc3 d5 4. Bf4 Bg7 5. e3 c5 6. dxc5 Qa5 7. cxd5 Nxd5 8.
Bb5+ Nc6 9. Nge2 Nxc3 10. Bxc6+ bxc6 11. bxc3 Bxc3+ 12. Nxc3 Qxc3+ 13. Kf1 Ba6+
14. Kg1 Rd8 15. Qc1 Qxc1+ 16. Rxc1 Rd2 17. h4 Rxa2 18. Kh2 Be2 19. Rb1 O-O 20.
Rb7 a5 21. Rxe7 Ra8 22. Rb1 a4 23. Rbb7 Bc4 24. Kg3 Rc2 25. Bh6 Bd5 26. Ra7 Rb8
27. Rxa4 Rxc5 28. Rc7 Rcb5 29. Rd4 f5 30. Rg7+ Kh8 31. f3 Rb4 32. Re7 Kg8 33.
Bf4 Rxd4 34. Bxb8 Rc4 35. Be5 Bf7 36. Rc7 Kf8 37. Bf6 h6 38. Kh3 Rc2 39. g4
fxg4+ 40. Kxg4 Rc4+ 41. e4 Ke8 42. Kf4 Rc5 43. Be7 Rh5 44. Bf6 Rc5 45. Ke3 Rc4
46. Kd3 Ra4 47. f4 Bc4+ 48. Ke3 Ra6 49. e5 Bd5 50. e6 Bxe6 51. Re7+ Kf8 52.
Rxe6 Kf7 53. Rd6 Ra3+ 54. Kd2 Rf3 55. Be5 Rh3 56. Rf6+ Kg7 57. Rxc6+ Kf7 58. f5
g5 59. Rxh6 gxh4 60. Ke2 1-0

[Event "Memorijal Danilo - Dajo Batricevic"]
[Site "Cetinje"]
[Date "2009.08.14"]
[Round "6.26"]
[White "Durutovic, Dragutin"]
[Black "Potpara, Nikola"]
[Result "1/2-1/2"]
[WhiteElo "2116"]
[BlackElo "1838"]
[PlyCount "102"]
[EventDate "2009.08.09"]
[EventRounds "9"]

1. e4 c5 2. Nf3 e6 3. d4 cxd4 4. Nxd4 Nc6 5. Nc3 Qc7 6. Be2 a6 7. O-O Nf6 8.
Be3 Bb4 9. Nxc6 bxc6 10. Qd4 Be7 11. Na4 d5 12. exd5 Nxd5 13. Qxg7 Bf6 14. Qh6
Rg8 15. Nb6 Nxb6 16. Bxb6 Qe5 17. Bf3 Bd7 18. Qd2 Rb8 19. Rfe1 Qxb2 20. Bc5 Qc3
21. Qd6 Rb5 22. Bxc6 Qxc5 23. Qxd7+ Kf8 24. Bxb5 Bxa1 25. Bxa6 Bc3 26. Re3 Rg6
27. Qc8+ Qxc8 28. Bxc8 Bd4 29. Rd3 e5 30. Bf5 Ra6 31. a3 Rf6 32. g4 h5 33. h3
hxg4 34. hxg4 Rc6 35. Rb3 Rc3 36. Kf1 Rxb3 37. cxb3 Ke7 38. Ke2 Kd6 39. f3 Bb2
40. a4 Kc5 41. Bd3 Kb4 42. Bc4 f6 43. Kd2 Bc3+ 44. Kd3 Be1 45. Ke4 Bf2 46. Be6
Bh4 47. Kf5 Bg5 48. Bd5 Bh4 49. Ke6 Bg5 50. Kd6 Bh4 51. Kc6 Bf2 1/2-1/2

[Event "Memorijal Danilo - Dajo Batricevic"]
[Site "Cetinje"]
[Date "2009.08.14"]
[Round "6.27"]
[White "Draskovic, Luka"]
[Black "Sonfalean, Maria-Laura"]
[Result "1-0"]
[WhiteElo "2079"]
[BlackElo "1736"]
[PlyCount "83"]
[EventDate "2009.08.09"]
[EventRounds "9"]

1. e4 e5 2. Nf3 Nc6 3. d4 exd4 4. Nxd4 d6 5. Nc3 Nf6 6. Be2 Be7 7. Be3 O-O 8.
Qd2 a6 9. Nxc6 bxc6 10. O-O d5 11. Bf3 Be6 12. Rfd1 Rb8 13. b3 Bb4 14. a3 Bxc3
15. Qxc3 Qe8 16. Bd4 Qe7 17. Bxf6 Qxf6 18. Qxf6 gxf6 19. exd5 cxd5 20. Bxd5
Rbd8 21. Be4 Rfe8 22. f3 f5 23. Bc6 Rf8 24. Kf2 f4 25. Ke2 Kg7 26. Rxd8 Rxd8
27. Rd1 Rg8 28. Rd4 Kh6 29. Kf2 Kg5 30. Be4 h5 31. Bd3 Ra8 32. Ra4 Bc8 33. Ra5+
Kh6 34. h4 f6 35. Ra4 Kg7 36. Rxf4 Rb8 37. Rc4 Rb7 38. Rc5 Kh6 39. Bxa6 Rb8 40.
Rc6 Kg6 41. Bd3+ Kh6 42. Rxc7 1-0

[Event "Memorijal Danilo - Dajo Batricevic"]
[Site "Cetinje"]
[Date "2009.08.14"]
[Round "6.28"]
[White "Lekic, Lazar"]
[Black "Pobor, Nebojsa"]
[Result "1-0"]
[WhiteElo "1755"]
[BlackElo "2069"]
[PlyCount "49"]
[EventDate "2009.08.09"]
[EventRounds "9"]

1. e4 d6 2. d4 g6 3. Nc3 Bg7 4. f4 Nf6 5. Nf3 O-O 6. Be2 c5 7. d5 b5 8. e5 dxe5
9. fxe5 Ng4 10. d6 Bb7 11. Bg5 f6 12. dxe7 Qxe7 13. Nd5 Qf7 14. Nxf6+ Nxf6 15.
exf6 Bxf6 16. O-O Rd8 17. Qe1 Nc6 18. Qh4 Bxb2 19. Ne5 Qd5 20. Ng4 Rf8 21. Bf6
Bd4+ 22. Kh1 h5 23. Bf3 Qc4 24. Qg5 Qxc2 25. Bd5+ 1-0

[Event "Memorijal Danilo - Dajo Batricevic"]
[Site "Cetinje"]
[Date "2009.08.14"]
[Round "6.29"]
[White "Dedic, Slavko"]
[Black "Stamatovic, Vladimir"]
[Result "1-0"]
[WhiteElo "1989"]
[BlackElo "1908"]
[PlyCount "157"]
[EventDate "2009.08.09"]
[EventRounds "9"]

1. e4 e5 2. Nf3 Nc6 3. Bc4 d6 4. h3 Na5 5. Be2 b6 6. b4 Nc6 7. c3 g6 8. Bc4 Bg7
9. Bd5 Nge7 10. Qa4 Bd7 11. b5 Nxd5 12. bxc6 Be6 13. exd5 Bxd5 14. Qb5 Be6 15.
O-O O-O 16. Qa4 a6 17. Qh4 Bf6 18. Qg3 Bd5 19. d3 Bxc6 20. Bg5 Kg7 21. Nbd2
Bxg5 22. Qxg5 Qd7 23. Nh2 f5 24. Rfe1 h6 25. Qe3 Rae8 26. c4 g5 27. f3 Rf6 28.
d4 Rg6 29. d5 Bb7 30. a4 h5 31. Reb1 a5 32. Re1 Bc8 33. Nb3 Rh8 34. Re2 g4 35.
f4 e4 36. Kh1 Kh6 37. Nd4 Qe7 38. Qc3 Rhg8 39. g3 gxh3 40. Re3 Qg7 41. Ra3 Kh7
42. Rb3 Qh6 43. Ne2 Bd7 44. Ra3 h4 45. Qe1 c6 46. gxh4 cxd5 47. cxd5 Bc8 48. h5
Rg2 49. Rxh3 Ba6 50. Ng3 Rc2 51. Qe3 Rgc8 52. Ra1 R8c3 53. Qxb6 Bd3 54. Qd8 e3
55. Qe7+ Qg7 56. Qxg7+ Kxg7 57. h6+ Kh8 58. Nf3 e2 59. Re1 Rc1 60. Kg2 Be4 61.
Nxe4 fxe4 62. Rxc1 Rxc1 63. Ne1 Rxe1 64. Kf2 Rd1 65. Kxe2 Rxd5 66. h7 Rd4 67.
f5 Rxa4 68. f6 Ra2+ 69. Ke1 Rb2 70. Rh4 d5 71. Rh5 a4 72. f7 Rb8 73. Re5 Kxh7
74. Re8 Rb1+ 75. Ke2 Rb2+ 76. Ke3 Rb3+ 77. Kd4 Rd3+ 78. Kc5 Rf3 79. f8=Q 1-0

[Event "Memorijal Danilo - Dajo Batricevic"]
[Site "Cetinje"]
[Date "2009.08.14"]
[Round "6.30"]
[White "Ljubisa, Mitar"]
[Black "Delevic, Nina"]
[Result "1-0"]
[WhiteElo "1964"]
[BlackElo "1761"]
[PlyCount "84"]
[EventDate "2009.08.09"]
[EventRounds "9"]

1. d4 Nf6 2. c4 g6 3. Nc3 Bg7 4. e4 d6 5. f3 O-O 6. Be3 Nbd7 7. Bd3 c5 8. d5
Ne5 9. Nge2 Nxd3+ 10. Qxd3 Nd7 11. f4 Nb6 12. O-O f5 13. e5 dxe5 14. fxe5 Nd7
15. e6 Ne5 16. Qc2 Nxc4 17. Bxc5 b6 18. Bf2 Bb7 19. Rad1 Rc8 20. Rd3 Ne5 21.
Rh3 Ng4 22. Bh4 b5 23. Rd1 Qb6+ 24. Kh1 Ne3 25. Rxe3 Qxe3 26. Bxe7 Rfe8 27. Bb4
a5 28. Bxa5 Qc5 29. Qb3 Qf2 30. Qxb5 Ba8 31. Bb6 Qh4 32. Nd4 Rb8 33. Nf3 Qf4
34. a4 Bxc3 35. bxc3 Rxe6 36. dxe6 Bxf3 37. Rf1 Bxg2+ 38. Kxg2 Qg4+ 39. Kf2
Qf4+ 40. Ke2 Qe4+ 41. Kd2 Qg2+ 42. Rf2 Qg5+ 1-0

[Event "Memorijal Danilo - Dajo Batricevic"]
[Site "Cetinje"]
[Date "2009.08.15"]
[Round "7.1"]
[White "Iotov, Valentin"]
[Black "Nikolov, Momchil"]
[Result "1/2-1/2"]
[WhiteElo "2603"]
[BlackElo "2517"]
[PlyCount "20"]
[EventDate "2009.08.09"]
[EventRounds "9"]

1. d4 Nf6 2. Bg5 e6 3. e4 h6 4. Bxf6 Qxf6 5. c3 d5 6. Nd2 c5 7. Ngf3 cxd4 8.
Nxd4 Bc5 9. Bb5+ Bd7 10. Qa4 e5 1/2-1/2

[Event "Memorijal Danilo - Dajo Batricevic"]
[Site "Cetinje"]
[Date "2009.08.15"]
[Round "7.3"]
[White "Blagojevic, Dragisa"]
[Black "Kosic, Dragan"]
[Result "1/2-1/2"]
[WhiteElo "2545"]
[BlackElo "2488"]
[PlyCount "31"]
[EventDate "2009.08.09"]
[EventRounds "9"]

1. d4 d5 2. c4 c6 3. Nf3 Nf6 4. Nc3 e6 5. e3 Nbd7 6. Bd3 dxc4 7. Bxc4 b5 8. Bd3
a6 9. e4 c5 10. e5 cxd4 11. Nxb5 Nxe5 12. Nxe5 axb5 13. Bxb5+ Bd7 14. Nxd7 Qa5+
15. Bd2 Qxb5 16. Nxf8 1/2-1/2

[Event "Memorijal Danilo - Dajo Batricevic"]
[Site "Cetinje"]
[Date "2009.08.15"]
[Round "7.4"]
[White "Miron, Lucian-Costin"]
[Black "Drasko, Milan"]
[Result "1-0"]
[WhiteElo "2479"]
[BlackElo "2527"]
[PlyCount "93"]
[EventDate "2009.08.09"]
[EventRounds "9"]

1. d4 e6 2. c4 Nf6 3. Nc3 Bb4 4. Qc2 O-O 5. e4 d6 6. a3 Bxc3+ 7. bxc3 e5 8. Bd3
Nc6 9. Ne2 b6 10. O-O Ba6 11. f4 Nd7 12. Rf3 Na5 13. c5 Bxd3 14. Rxd3 bxc5 15.
dxe5 c4 16. Rd5 Nb3 17. Rb1 Qe7 18. Ng3 dxe5 19. Be3 exf4 20. Bxf4 Ndc5 21. Qe2
Nd3 22. Rf1 Nxf4 23. Rxf4 Qxa3 24. Qxc4 Qc1+ 25. Rf1 Nd2 26. Rxc1 Nxc4 27. Rc5
Nd2 28. Rxc7 a5 29. Rc2 Rfd8 30. Ra2 a4 31. Rb7 Nb3 32. Rb4 Rd1+ 33. Nf1 Ra1
34. Rxa1 Nxa1 35. Ne3 g6 36. Kf2 Nb3 37. Nc2 Rd8 38. Na3 Rd2+ 39. Kf3 Ra2 40.
Nc4 Nc5 41. Rb5 Ne6 42. Ra5 Ng5+ 43. Rxg5 Rc2 44. Ne3 Rxc3 45. Ra5 a3 46. Ke2
Rb3 47. Nc4 1-0

[Event "Memorijal Danilo - Dajo Batricevic"]
[Site "Cetinje"]
[Date "2009.08.15"]
[Round "7.5"]
[White "Galic, Ivan"]
[Black "Kovacevic, Aleksandar"]
[Result "1/2-1/2"]
[WhiteElo "2349"]
[BlackElo "2575"]
[PlyCount "122"]
[EventDate "2009.08.09"]
[EventRounds "9"]

1. c4 e5 2. g3 Nf6 3. Bg2 Bc5 4. Nc3 Nc6 5. e3 d5 6. cxd5 Nb4 7. d4 exd4 8.
exd4 Be7 9. Nge2 Nbxd5 10. O-O Be6 11. Nf4 Nxf4 12. Bxf4 c6 13. Qa4 O-O 14.
Rad1 Nd5 15. Bc1 Nb6 16. Qa5 Nd5 17. Qxd8 Rfxd8 18. Rfe1 Kf8 19. a3 Nf6 20. h3
Rd7 21. Be3 Bb3 22. Rc1 h6 23. Nb1 Bd5 24. Nd2 Bxg2 25. Kxg2 Rd5 26. Nf3 Bd6
27. Re2 Re8 28. Rce1 a6 29. Bc1 Rxe2 30. Rxe2 Ne8 31. Be3 Nc7 32. Rc2 Ne6 33.
Rc3 Rb5 34. Rc2 Ke8 35. Bd2 Rd5 36. Be3 Be7 37. Kf1 f6 38. a4 Kd7 39. b3 Bd8
40. Ke2 Bb6 41. Rd2 Ba7 42. Kd3 Kd8 43. Kc3 Bb6 44. Rd1 Ba5+ 45. Kc2 Bc7 46.
Ng1 Ba5 47. Ne2 Bb4 48. h4 Ke7 49. Kd3 Rd8 50. Kc2 Kf7 51. h5 Nc7 52. g4 Nd5
53. Nf4 Bd6 54. Nxd5 cxd5 55. Kd3 Rc8 56. Rc1 Rxc1 57. Bxc1 Ke6 58. f3 Kd7 59.
Bd2 Ke6 60. Be1 Kf7 61. Bd2 Ke6 1/2-1/2

[Event "Memorijal Danilo - Dajo Batricevic"]
[Site "Cetinje"]
[Date "2009.08.15"]
[Round "7.6"]
[White "Djukic, Nikola"]
[Black "Vucinic, Pero"]
[Result "1-0"]
[WhiteElo "2491"]
[BlackElo "2226"]
[PlyCount "49"]
[EventDate "2009.08.09"]
[EventRounds "9"]

1. d4 d5 2. c4 c6 3. Nc3 Nf6 4. e3 e6 5. Nf3 Bd6 6. Bd3 Nbd7 7. O-O O-O 8. e4
dxe4 9. Nxe4 Nxe4 10. Bxe4 Nf6 11. Bc2 c5 12. Bg5 cxd4 13. Qxd4 Be7 14. Qh4 Re8
15. Bxf6 Bxf6 16. Qxh7+ Kf8 17. Ba4 Ke7 18. Rad1 Qc7 19. Bxe8 Kxe8 20. Nd4 a6
21. Rfe1 Qc5 22. Nf5 Qf8 23. Nd6+ Ke7 24. Qd3 Qh8 25. Qa3 1-0

[Event "Memorijal Danilo - Dajo Batricevic"]
[Site "Cetinje"]
[Date "2009.08.15"]
[Round "7.2"]
[White "Cebalo, Miso"]
[Black "Bojkov, Dejan"]
[Result "0-1"]
[WhiteElo "2476"]
[BlackElo "2521"]
[PlyCount "86"]
[EventDate "2009.08.09"]
[EventRounds "9"]

1. d4 Nf6 2. c4 g6 3. Nc3 Bg7 4. e4 d6 5. f4 O-O 6. Nf3 c5 7. d5 e6 8. Be2 exd5
9. cxd5 Bg4 10. O-O Nbd7 11. Re1 Re8 12. h3 Bxf3 13. Bxf3 Qa5 14. Be3 b5 15. a3
Nb6 16. Bf2 Nc4 17. Qc2 Nd7 18. a4 b4 19. Nb5 a6 20. Qxc4 axb5 21. Qxb5 Qxb5
22. axb5 Bxb2 23. Rxa8 Rxa8 24. e5 Bc3 25. Rb1 Rb8 26. e6 Nf6 27. g4 Rxb5 28.
g5 Ne8 29. Be2 Rb8 30. Bc4 Kf8 31. f5 gxf5 32. Bh4 Rb7 33. Kg2 Ng7 34. Kf3 Be5
35. Bb3 fxe6 36. dxe6 Re7 37. g6 hxg6 38. Bxe7+ Kxe7 39. Rg1 Nxe6 40. Bxe6 Kxe6
41. Rxg6+ Kf7 42. Rg1 c4 43. Ke2 b3 0-1

[Event "Memorijal Danilo - Dajo Batricevic"]
[Site "Cetinje"]
[Date "2009.08.15"]
[Round "7.7"]
[White "Bogut, Zeljko"]
[Black "Dumpor, Atif"]
[Result "0-1"]
[WhiteElo "2451"]
[BlackElo "2404"]
[PlyCount "106"]
[EventDate "2009.08.09"]
[EventRounds "9"]

1. e4 e5 2. Nf3 Nc6 3. Bb5 a6 4. Ba4 Nf6 5. d3 d6 6. c3 Be7 7. O-O O-O 8. Re1
b5 9. Bb3 Na5 10. Bc2 c5 11. Nbd2 Qc7 12. Nf1 Re8 13. Bg5 h6 14. Bh4 g6 15. Ne3
Be6 16. a3 Kg7 17. b4 Nc6 18. Bb3 Bxb3 19. Qxb3 Nh5 20. Nd5 Qb8 21. Bg3 Bd8 22.
a4 cxb4 23. cxb4 Nxg3 24. hxg3 Ne7 25. d4 exd4 26. Nxd4 Nxd5 27. Nc6 bxa4 28.
Qxa4 Nb6 29. Nxb8 Nxa4 30. Rxa4 Rxb8 31. Rxa6 Rxb4 32. Rxd6 Bb6 33. Re2 Re5 34.
Rd5 Rxd5 35. exd5 Rb1+ 36. Kh2 Rd1 37. g4 Rxd5 38. g3 Rd6 39. Kg2 Rf6 40. f3
Rd6 41. Rb2 Ba5 42. Rb5 Rd2+ 43. Kh3 Bc3 44. Rc5 Bd4 45. Rc1 Rf2 46. f4 Be3 47.
Re1 Bd2 48. Re7 Rf3 49. f5 g5 50. Re2 Bf4 51. Rg2 Kf6 52. Kh2 Rxg3 53. Rxg3 Ke5
0-1